| 000 | 00394nam a2200145Ia 4500 | ||
|---|---|---|---|
| 008 | 180921t2017 xxu||||| |||| 00| 0 eng d | ||
| 041 | _aeng | ||
| 080 |
_a22/23 _bHOM |
||
| 245 | _aHomosexuality : A Cristian Perspective and Response | ||
| 260 |
_bColombo Theological Seminary _aKohuwala _c2017 |
||
| 300 | _b139p, 21cm | ||
| 942 | _cBK | ||
| 999 |
_c2445 _d2445 |
||
| 003 | LK-CoDNM | ||
| 040 |
_aLK-CoDNM _dLK-CoDNM _eLK-CoDNM |
||